Glasgow - Choix multiples - Statistiques

Statistiques générales
  • Ce quiz a été pris 59 fois
  • Le résultat moyen est 5 sur 10
Statistiques - réponses
Question Réponse % Correct
Quelle unité de température porte le nom du physicien écossais qui enseigna à Glasgow ? Kelvin
67%
Quelle rivière traverse la ville ? Clyde
63%
Qu’est-ce qui est surnommé “Clockwork Orange” ("L'Orange mécanique") à Glasgow ? Le métro
62%
À quoi sert l’échelle dite “de Glasgow” ? À évaluer le niveau de conscience d'un patient
50%
Laquelle de ces images représente l'université de Glasgow ?
46%
Quel architecte écossais est associé au style Art nouveau local ? Charles Rennie Mackintosh
40%
Quelle spécialité culinaire insolite est célèbre à Glasgow ? Mars frit
40%
Comment appelle-t-on la rencontre de football entre le Celtic et les Rangers ? Old Firm
40%
Quelle marque de boisson rafraîchissante a été créée à Glasgow et est devenue célèbre dans le monde entier ? Lipton
37%
Que désigne "l’effet Glasgow" ? Une espérance de vie plus faible
29%
Aucun quiz correspondant
Distribution des résultats
% des personnes avec chaque résultat
Percentile par nombre de réponses
Votre historique - résultats
Vous n’avez pas pris ce quiz